Open Data Biblioteca Nacional de Portugal


República Portuguesa: Ministério da Cultura
Biblioteca Nacional de Portugal

Catálogo da BNP: acesso por Identificadores Unívocos
Registos Bibliográficos associados ao registo de autoridade

Etiqueta de registo: 00254nam 2200025 450
001 2288783
003 http://id.bnportugal.gov.pt/bib/catbnp/2288783
100 ## $a20260625d2024 k y0pory01030103ba
101 0# $apor$deng
102 ## $aPT
105 ## $aa z 001yy
106 ## $ar
200 1# $aSlow drawing$edesenho para uma via contemplativa$fGrazielle Bruscato Portella$gorient. José Artur Vitória de Sousa Ramos, João Manuel Gouveia de Almeida Penesa
210 #9 $aLisboa$c[s.n.],$d2024
215 ## $a316 p.$cil.$d31 cm
328 #1 $aTese dout. Belas-Artes (Desenho), Faculdade de Belas-Artes da Universidade de Lisboa, 2024
700 #1 $aPortella,$bGrazielle Bruscato$32001651
702 #1 $aRamos,$bArtur,$f1966-$4727$31044453
702 #1 $aPeneda,$bJoão Manuel,$f1967-$4727$3869593
801 #0 $aPT$bBN$gRPC
966 ## $lBN$mFGMON$x1
971 ## $cisantos$d20260625

OpendataBNP@bnportugal.pt | Mais informação sobre acesso aos dados BNP